| 000 | 00956nac a22002777a 4500 | ||
|---|---|---|---|
| 001 | BR7909177 | ||
| 003 | BR-BrBNA | ||
| 005 | 20240105114600.0 | ||
| 008 | 230509b bl.|||m| |||| 00| 0 por d | ||
| 040 |
_aBR-BrBNA _bpor _cBiblioteca Nacional de Agricultura |
||
| 072 | _aE30; E15 | ||
| 090 | _aE30 BR7909177 | ||
| 110 | 1 |
_aComissao Estadual de Planejamento Agricola, Aracaju, SE (Brasil) _92043 |
|
| 245 | 1 | _aPlano anual de trabalho 1980 [Comissao Estadual de Planejamento Agricola de Sergipe, Brasil] | |
| 260 | 3 |
_aAracaju, SE (Brasil): _c1979. |
|
| 300 | _a78 p. | ||
| 490 |
_aPlano Anual de Trabalho - Comissao Estadual de Planejamento Agricola de Sergipe (Brazil) _v _x |
||
| 650 | _aPLANEJAMENTO AGRICOLA | ||
| 650 | _aPROGRAMA DE DESENVOLVIMENTO | ||
| 650 | _aCOOPERATIVA | ||
| 650 | _aCOMERCIALIZACAO | ||
| 650 | _aPRODUCAO VEGETAL | ||
| 650 | _aPECUARIA | ||
| 909 |
_a202312 _bLúcia Elande _c55 _dLúcia Elande |
||
| 942 |
_2AGRIS _n0 _cMS |
||
| 999 |
_c270178 _d270178 |
||